Optimalizácia cieľových parametrov pri rozvrhovaní operácií

Salvato in:
Dettagli Bibliografici
Autore principale: Valuška, Jozef (Autore)
Altri autori: Važan, Pavel (Relatore della tesi)
Natura: Manoscritto Libro
Lingua:slovacco
Pubblicazione: 2020
Soggetti:
Accesso online:http://is.stuba.sk/zp/portal_zp.pl?podrobnosti=151907
Tags: Aggiungi Tag
Nessun Tag, puoi essere il primo ad aggiungerne!!

MARC

LEADER 00000ntm a22000003a 4500
001 stuzp77316
003 SK-STU
005 20200704211241.7
007 ta
008 150427s2015----xo-----f-mn---000-0-slo-d
040 |a STU  |b slo 
041 0 |a slo 
100 1 |a Valuška, Jozef  |u 066000  |k Z4  |4 aut  |U MTF Materiálovotechnologická fakulta  |T MTF Ústav aplikovanej informatiky, automatizácie a mechatroniky  |X 80442  |U M6000  |Y 86  |7 80442 
242 0 1 |a Optimization of objective parameters of the operations scheduling  |y eng 
245 1 0 |a Optimalizácia cieľových parametrov pri rozvrhovaní operácií 
260 |c 2020 
650 4 |a simulácia  |2 slo 
650 4 |a rozvrhovanie operácií  |2 slo 
650 4 |a multikriterálna optimalizácia  |2 slo 
650 4 |a prioritné pravidlá  |2 slo 
650 4 |a výrobný systém  |2 slo 
650 4 |a scheduling operations  |2 eng 
650 4 |a simulation  |2 eng 
650 4 |a multi-objective optimization  |2 eng 
650 4 |a priority rules  |2 eng 
650 4 |a production system  |2 eng 
700 1 |a Važan, Pavel  |u 066000  |k Z1  |4 ths  |U MTF Materiálovotechnologická fakulta  |T MTF Ústav aplikovanej informatiky, automatizácie a mechatroniky  |X 323  |U M6000  |Y 86  |7 A000000323 
856 4 |u http://is.stuba.sk/zp/portal_zp.pl?podrobnosti=151907 
996 |c M* DP-14455  |l MMSKP  |s P  |a 0  |w stuzp77316_0001